00632cam a2200193 a 4500008004100000020002600041100002800067245011200095250001200207260004600219300003900265504004100304500002000345650002500365700002100390003000100411005001700412040000900429  a9780323084659 (pbk. )1 aO'Brien, Jane Clifford.10aIntroduction to occupational therapy /cJane Clifford O'Brien, Susan M. Hussey [and] Barbara Sabonis-Chafee a4th ed. aSt. Louis, Mo. :bElsevier/Mosby,cc2012. axii, 218 p. :bill., col. ;c27 cm aIncludes bibliographical references. aIncludes index. 0aOccupational therapy1 aHussey, Susan M.20230123141132.0 cNUST